Histoire de l´Admirable et incomparable Don Quichotte de la Manche (Record no. 2785)
[ view plain ]
| 000 -CABECERA | |
|---|---|
| campo de control de longitud fija | 02560nam a2200313 a 4500 |
| 001 - NÚMERO DE CONTROL | |
| campo de control | BRCA_3049 |
| 005 - FECHA Y HORA DE LA ÚLTIMA TRANSACCIÓN | |
| campo de control | 20190320204102.0 |
| 008 - DATOS DE LONGITUD FIJA--INFORMACIÓN GENERAL | |
| campo de control de longitud fija | 220109s1777----fr-a---###---#000-0#fre-u |
| 041 ## - CÓDIGO DE LENGUA | |
| Código de lengua del texto/banda sonora o título independiente | fre |
| 044 ## - CÓDIGO DEL PAÍS DE LA ENTIDAD EDITORA/PRODUCTORA | |
| Código MARC del país | fr |
| 084 ## - OTRO NÚMERO DE CLASIFICACIÓN | |
| Número de clasificación | 356 |
| Número de documento/Ítem | .B35 |
| -- | 1777 |
| 100 1# - ENTRADA PRINCIPAL--NOMBRE DE PERSONA | |
| Nombre de persona | Cervantes Saavedra, Miguel de |
| Fechas asociadas al nombre | 1547-1616 |
| 9 (RLIN) | 213 |
| 245 10 - MENCIÓN DE TÍTULO | |
| Título | Histoire de l´Admirable et incomparable Don Quichotte de la Manche |
| Mención de responsabilidad, etc. | Miguel de Cervantes Saavedra. |
| 260 ## - PUBLICACIÓN, DISTRIBUCIÓN, ETC. | |
| Lugar de publicación, distribución, etc. | París |
| Nombre del editor, distribuidor, etc. | Bailly |
| Fecha de publicación, distribución, etc. | 1777 |
| 300 ## - DESCRIPCIÓN FÍSICA | |
| Extensión | 4 v. |
| Otras características físicas | il. |
| Dimensiones | 17 cm. |
| 500 ## - NOTA GENERAL | |
| Nota general | Contenido : v 1. Primera parte. advertencia del editor. Prólogo del autor. Texto. -- v 2. Texto. Segunda parte. -- v 3. Texto. Primera parte de la continuación por el traductor. -- v 4. Segunda parte de la continuación por el traductor |
| 500 ## - NOTA GENERAL | |
| Nota general | Edición : Nouvelle edition revue avec soin sur l´Original de Michel de Cervantes, et beaucoup plus correcte que les precedentes |
| 500 ## - NOTA GENERAL | |
| Nota general | En su advertencia dice el librero que esta edición fue revisada con escrupulosa atención por Vacquette dHermilly, traductor de varias obras clásicas española, el cual la purgó de infinitas erratas que se habían deslizado en muchas ediciones anteiores y suprimió varias digresiones prolijas y superfluas. En efecto, el revisor sin encomendarse a Dios ni al diablo, entró a saco por las páginas del Quijote, suprimiando lo que debía respetar y añadiendo lo que estaba vedado a agregar. Entre las supresiones más notables que hizo el flamante revisor mencionaré: la dedicatoria y versos de la primera parte; dedicatoria y prólogo de la segunda; el capítulo IX que están alterados y se narran fuera de lugar: así el episodio de los carneros se cuenta en el capítulo XVII, el del cuerpo muerto, en el XVIII, etc. Pero, la anomalía más grande consiste en que el Quijote auténtico termina en la página 361 del tomo III, empezando en la misma, sin advertencia alguna, la continuación del Quijote de Filleau de Saint-Martin, con lo cual se confunden ambas obras. Está basada en la traducción de este último. Piel; lomeras adornadas con dorados Lúdovik Osterc |
| 500 ## - NOTA GENERAL | |
| Nota general | QM277A |
| 546 ## - NOTA DE LENGUA/LENGUAJE | |
| Nota de lengua/lenguaje | Texto en : francés |
| 650 14 - PUNTO DE ACCESO ADICIONAL DE MATERIA--TÉRMINO DE MATERIA | |
| Término de materia o nombre geográfico como elemento de entrada | Novela española |
| Subdivisión cronológica | Época clásica, 1500-1700 |
| 9 (RLIN) | 215 |
| 650 14 - PUNTO DE ACCESO ADICIONAL DE MATERIA--TÉRMINO DE MATERIA | |
| Término de materia o nombre geográfico como elemento de entrada | Literatura española |
| Subdivisión cronológica | Época clásica, 1500-1700 |
| 9 (RLIN) | 216 |
| 650 14 - PUNTO DE ACCESO ADICIONAL DE MATERIA--TÉRMINO DE MATERIA | |
| Término de materia o nombre geográfico como elemento de entrada | Novela española |
| Subdivisión cronológica | Siglo XVII |
| 9 (RLIN) | 217 |
| 650 14 - PUNTO DE ACCESO ADICIONAL DE MATERIA--TÉRMINO DE MATERIA | |
| Término de materia o nombre geográfico como elemento de entrada | Don Quijote (Personaje ficticio) |
| Término indicativo de función/relación | Novela |
| 9 (RLIN) | 218 |
| 700 1# - PUNTO DE ACCESO ADICIONAL--NOMBRE DE PERSONA | |
| Nombre de persona | Saint-Martin, Francois Filleau de |
| Fechas asociadas al nombre | 1632-1695 |
| Término indicativo de función/relación | Traductor |
| 9 (RLIN) | 8368 |
| 740 0# - PUNTO DE ACCESO ADICIONAL--TÍTULO RELACIONADO O ANALÍTICO NO CONTROLADO | |
| Título relacionado o analítico no controlado | El Ingenioso Hidalgo Don Quijote de la Mancha |
| 902 ## - CATALOGADOR | |
| Iniciales | QFM |
| 942 ## - ELEMENTOS DE PUNTO DE ACCESO ADICIONAL (KOHA) | |
| Fuente del sistema de clasificación o colocación | Library of Congress Classification |
| Tipo de ítem Koha | Libros |
| Estado de retiro | Estado de pérdida | Estado dañado | No para préstamo | Localización permanente | Ubicación/localización actual | Fecha de adquisición | Número de inventario | Total de préstamos | Signatura topográfica completa | Código de barras | Fecha visto por última vez | Precio válido a partir de | Tipo de ítem Koha |
|---|---|---|---|---|---|---|---|---|---|---|---|---|---|
| El ejemplar forma parte de la colección y puede ser consultado según las políticas vigentes. | Biblioteca del Museo Franz Mayer (Rogerio Casas-Alatriste) | Biblioteca del Museo Franz Mayer (Rogerio Casas-Alatriste) | 22/01/2009 | QM277A | 356 .B35 1777 (QM277A) | 3046 | 22/03/2019 | 22/03/2019 | Libros |